1459 1519 1661 1794 1569 1830 1954 1598 1035 1390 1781 1421 1233 1526 1354 1695 1996 1450 1344 1446 1466 1135 1786 1616 1405 1587 1722 1385 1722 1375 1221 1889 1283 1873 1584 1541 1595 1469 1410 1202 1091 1000 1797 1768 1295 1594 1213 1733 1823 1124 1924 1456 1342 1899 1010 1567 1890 1916 1954 1204 1828 1765 1281 1537 1103 1510 1326 1546 1891 1421 1546 1003 1556 1122 1603 1758 1125 1471 1020 1510 1668 1151 1986 1663 1141 1778 1071 1123 1701 1136 1572 1735 1416 1103 1213 1561 1634 1876 1408 BCNSPRNW ULIB Ver.6.0+V

เปลี่ยนเป็นภาษาไทย

Change to English
 แสดงรายละเอียดบรรณานุกรม
  กลับหน้าหลัก

Brief Record : Get Marc (ISO 2709) : E-mail record : QR code < ปิดหน้าต่าง
LEADER : 00000nam 2200000uu 4500
001    13399112957
003     ULIB
008    110919s2546||||th 000 0 tha d
050  4 LC4706^bศ848ร 2546
110 1  คณะกรรมการศูนย์ศึกษาเด็กวัยก่อนเรียน
245 10 รายงานผลการศึกษาเรื่องรูปแบบการส่งเสริมพัฒนาการเด็กพิเศษร่วมกับเด็กปกติในรับสถานเลี้ยงเด็กกลางวัน /^cคณะกรรมการศูนย์ศึกษาเด็กวัยก่อนเรียน
260    นครสวรรค์ :^bวิทยาลัยพยาบาลบรมราชชนนี นครสวรรค์,^c2546
300    32 หน้า
650  7 การเลี้ยงดูเด็ก
650  7 การส่งเสริมพัฒนาการเด็กที่มีปํญหาพัฒนาการล่าช้า
650  7 คนพิการ
650  7 เด็กพิเศษ
945    ^p0^l0^i015830
995    ทศพร
999 ^a ทศพร
รายการนี้ยังไม่มีแท็ก
คุณยังไม่ได้ล็อกอิน คุณสามารถมีกิจกรรมร่วมกับเว็บไซต์ได้ แต่ต้องล็อกอินก่อน ::
  ล็อกอิน

รายการสื่อสารสนเทศ

ลำดับที่ ประเภท เลขเรียก/บาร์โค้ด สถานที่ สถานะ
- ไม่พบข้อมูล -

รายการใกล้เคียง
    หัวเรื่อง [คนพิการ]
    หัวเรื่อง [เด็กพิเศษ]

BibComment


ยังไม่เคยถูกคอมเมนท์

คอมเมนท์ทรัพยากรรายการนี้
  คอมเมนท์: รายงานผลการศึกษาเ..


 Copyright 2026. Bcnsprnw @Library